Logo/ Marque quizz #4 - Statistiques

Statistiques générales
  • Ce quiz a été pris 651 fois
  • Le résultat moyen est 17 sur 26
Statistiques - réponses
Par images Réponse % Correct
Oasis
99%
Xbox
97%
LG
93%
Rolex
86%
Yves Rocher
85%
Heineken
84%
Joker
84%
Nestlé
84%
Zalando
83%
Vico
81%
Barbie
79%
Fortnite
73%
Pim's
71%
Duracell
70%
Quicksilver
66%
SNCF
66%
Umbro
66%
Maserati
53%
KIKO
50%
Tetris
49%
Ecosia
37%
Intima
37%
Whirlpool
34%
Crocs
33%
Armand Thiery
13%
Gerber
2%
Aucun quiz correspondant
Distribution des résultats
% des personnes avec chaque résultat
Percentile par nombre de réponses
Votre historique - résultats
Vous n’avez pas pris ce quiz